| 000 | 00389nam a22001217a 4500 | ||
|---|---|---|---|
| 999 |
_c130110 _d130110 |
||
| 008 | 191204b ||||| |||| 00| 0 eng d | ||
| 050 | _aPR2609.J8 1961 | ||
| 100 |
_aJonson, Ben _916134 |
||
| 245 |
_aBen Jonson (three plays) _bsejanus, every man in his humour, bartholomew fair _cBen Jonson |
||
| 260 |
_aNew York _bHill and Wang _c1961 |
||
| 300 |
_a333p. ; _c19cm. |
||
| 942 |
_2lcc _cMONOGRAPH |
||